000 00537 a2200181 4500
003 OSt
005 20231212121453.0
008 231212b |||||||| |||| 00| 0 eng d
020 _a9789355492951
040 _coclc
082 _a894.8128
_bRAD/R
100 _aRadhakrishnan, K. S.
_910108
245 _aRamayanam Manushyakathaanugaanam /
_cK. S. Radhakrishnan
250 _a1st ed.
260 _aKozhikode:
_bMathrubhumi Books,
_c2022.
300 _a272p.
942 _2ddc
_cBK
_h894.8128
_iRAD/R
_k894.8128
_mRAD/R
999 _c44076
_d44076